书目信息 |
| 题名: |
新大纲同等学力人员申请硕士学位全国统考英语词汇掌中宝
|
|
| 作者: | 钱清 主编 | |
| 分册: | ||
| 出版信息: | 北京 石油工业出版社 2005.06 |
|
| 页数: | 606页 | |
| 开本: | 17cm | |
| 丛书名: | 21世纪英语词汇掌中宝丛书 | |
| 单 册: | ||
| 中图分类: | H313-42 | |
| 科图分类: | ||
| 主题词: | 英语--词汇--高等教育--自学参考资料 | |
| 电子资源: | ||
| ISBN: | 7-5021-4518-4 | |
| 000 | 00949nam 2200241 450 | |
| 001 | 010563645094 | |
| 005 | 20050915151423.81 | |
| 010 | @a7-5021-4518-4@dCNY16.00 | |
| 100 | @a20050312d2005 km y0chiy0120 ea | |
| 101 | 0 | @achi@aeng |
| 102 | @aCN@b110000 | |
| 105 | @ay z 000yy | |
| 200 | 1 | @a新大纲同等学力人员申请硕士学位全国统考英语词汇掌中宝@Axin da gang tong deng xue li ren yuan shen qing shuo shi xue wei quan guo tong kao ying yu ci hui zhang zhong bao@f钱清主编@Fqian qing zhu bian |
| 210 | @a北京@c石油工业出版社@d2005.06 | |
| 215 | @a606页@d17cm | |
| 225 | 2 | @a21世纪英语词汇掌中宝丛书 |
| 330 | @a该书中的各词条含有“语境例句”、“考点提要”、“全真考题”、“考题解析”、“词语辨析”以及“记忆方法”6个栏目。 | |
| 410 | 0 | @12001 @a21世纪英语词汇掌中宝丛书 |
| 606 | 0 | @a英语@x词汇@x高等教育@j自学参考资料 |
| 690 | @aH313-42@v4 | |
| 701 | 0 | @a钱清@Aqian qing@4主编 |
| 801 | 0 | @aCN@bQSSK@c20050915 |
| 905 | @a10447@dH313-42@eQ222 | |
| 新大纲同等学力人员申请硕士学位全国统考英语词汇掌中宝/钱清主编.-北京:石油工业出版社,2005.06 |
| 606页;17cm.-(21世纪英语词汇掌中宝丛书) |
| ISBN 7-5021-4518-4:CNY16.00 |
| 该书中的各词条含有“语境例句”、“考点提要”、“全真考题”、“考题解析”、“词语辨析”以及“记忆方法”6个栏目。 |
| ● |
| 相关链接 |
|
|
|
正题名:新大纲同等学力人员申请硕士学位全国统考英
索取号:H313-42/Q222
 
预约/预借
| 序号 | 登录号 | 条形码 | 馆藏地/架位号 | 状态 | 备注 |
| 1 | 564976 | 205649761 | 语言库209/209语言库 31排1列5层/ [索取号:H313-42/Q222] | 在馆 | |
| 2 | 564977 | 205649770 | 语言库209/209语言库 31排1列5层/ [索取号:H313-42/Q222] | 在馆 | |
| 3 | 564978 | 205649789 | 语言库209/209语言库 31排1列5层/ [索取号:H313-42/Q222] | 在馆 |